000 00801nam a2200253Ia 4500
003 OSt
005 20221005103712.0
006 a|||||r|||| 00| 0
007 ta
008 221004b |||||||| |||| 00| 0 hin d
024 _a4359
037 _bGift, 21/05/2013,
_cTextual
040 _aCRL
_cCRL
_bhin
041 _2hin
_ahin
082 _aO152,1NGUx, P2
100 _aगुप्ता, इन्दु
245 0 _aपारिजात
246 _aPārijāta
260 _aदिल्ली
_bअमृत प्रकाशन भारत
_c2002
300 _a160पृ0
_ccm.
650 _aहिन्दी साहित्य
942 _hO152,1NGUx, P2
_cTEXL
_2cc
999 _c1010674
_d1010674